000 01534nam a22001817a 4500
999 _c12669
_d12669
008 190131b ||||| |||| 00| 0 eng d
082 _22018
_aUT 1119
_bC16
100 _aCalvo, Princess Grace B.
_935887
245 _aAlternative fertilizer for welsh onion (Allium Fistulosum) :
_ban experimental study /
_cPrincess Grace B. Calvo, Mary Rose A. Basadre, and Daisy P. Salodar
260 _aDigos City:
_bUMDC
_cNovember 2018.
300 _a53 pages;
_c30 cm.
520 _aCalvo, P.G., Basadre, M.R., & Salodar, D. (November 2018). Alternative Fertilizer for Welsh Onion (Allium Fistulosum): An Experimental Study. Digos City: University of Mindanao. This study aimed to identify the better fertilizer for Welsh onion (Allium Fistulosum) between goat manure and compost tea with eggshell. Using an experimental method of research design, the researchers observed and analyzed the growth of Welsh onion in terms of length, width, and appearance in a span of three weeks. Results revealed that compost tea with eggshell was better fertilizer option than goat manure. The study recommends for future studies to conduct soil analysis that will identify the nutrients present in the soil. Keywords: Alternative Fertilizer, Welsh Onion, Compost Tea, Egg Shell, Goat Manure Locator: UT 1119/C16/2018
650 _aEducation
_vBiological Science
_xUndergraduate thesis.
_935888
700 _aCalvo, Princess Grace B.
_935887
700 _aBasadre, Mary Rose A.
_935889
700 _aSalodar, Daisy P.
_935890
942 _2ddc
_cUT